VIDEO LECTURES ON DVD FOR INTRO STATS (Record no. 35233)

MARC details
000 -LEADER
fixed length control field 00295nam a2200133Ia 4500
008 - FIXED-LENGTH DATA ELEMENTS--GENERAL INFORMATION
fixed length control field 240625s9999 xx 000 0 und d
041 ## - LANGUAGE CODE
Language code of text/sound track or separate title eng
082 ## - DEWEY DECIMAL CLASSIFICATION NUMBER
Classification number 519.5 VEA
100 ## - MAIN ENTRY--PERSONAL NAME
Personal name DE VEAUX
245 ## - TITLE STATEMENT
Title VIDEO LECTURES ON DVD FOR INTRO STATS
260 ## - PUBLICATION, DISTRIBUTION, ETC.
Date of publication, distribution, etc. 2009
365 ## - TRADE PRICE
Currency code
Price amount 27.5
440 ## - SERIES STATEMENT/ADDED ENTRY--TITLE
Volume/sequential designation 2
Holdings
Withdrawn status Lost status Damaged status Not for loan Home library Current library Shelving location Date acquired Cost, normal purchase price Full call number Barcode Date last seen Copy number Price effective from Koha item type
        IMTN IMTN Rack 19-A 07/13/2018 27.32 519.5 VEA CD2261 06/25/2024 71.4 06/25/2024 CD
Designed & Maintained by: LRC IMT Nagpur Contact: lrc@imtnag.ac.in© 2024. All Rights Reserved.